[Event "Forchheim op-B 13th"]
[Site "Forchheim"]
[Date "2014.10.04"]
[Round "3"]
[White "Pribylova, Sofie"]
[Black "Schuetz, Robert"]
[Result "0-1"]
[WhiteElo "1775"]
[BlackElo "1743"]
[PlyCount "100"]
[EventDate "2014.10.03"]
[EventType "swiss"]
[EventRounds "5"]
[EventCountry "GER"]
[SourceTitle "EXT 2019"]
[Source "ChessBase"]
[SourceDate "2018.10.10"]
[SourceVersion "1"]
[SourceVersionDate "2018.10.10"]
[SourceQuality "1"]

1. d4 d5 2. Bf4 Nf6 3. e3 c5 4. c3 Qb6 5. Qc2 e6 6. Nf3 Nc6 7. Nbd2 Bd7 8. Bd3 Be7 9. 0-0-0 cxd4 10. exd4 Nb4 11. Qb1 Nxd3+ 12. Qxd3 Rc8 13. Ne5 Ba4 14. b3 Qb4 15. Kb2 Qb6 16. Ka1 Bb5 17. c4 dxc4 18. Ndxc4 Qa6 19. Qg3 Nh5 20. Qg4 Nxf4 21. Qxf4 0-0 22. d5 Bxc4 23. Nxc4 Bf6+ 24. Kb1 b5 25. Nd6 e5 26. Qb4 Be7 27. Qxb5 Qxd6 28. Rc1 Bg5 29. Rc6 Rxc6 30. dxc6 Rc8 31. h4 Bd8 32. Rc1 Bb6 33. f3 h5 34. Qc4 Qd4 35. Qa6 Rc7 36. Qc4 Qxc4 37. Rxc4 a5 38. a3 Kf8 39. b4 axb4 40. axb4 Ke7 41. Kc2 Kd6 42. Kd3 Rxc6 43. Rxc6+ Kxc6 44. Ke4 Bf2 45. Kxe5 Bxh4 46. g4 hxg4 47. fxg4 Bf6+ 48. Kf5 Kb5 49. g5 Bxg5 50. Kxg5 Kxb4 0-1

[Event "Forchheim op-B 13th"]
[Site "Forchheim"]
[Date "2014.10.04"]
[Round "4"]
[White "Schuetz, Robert"]
[Black "Krenz, Sarah"]
[Result "1-0"]
[WhiteElo "1743"]
[BlackElo "1992"]
[PlyCount "47"]
[EventDate "2014.10.03"]
[EventType "swiss"]
[EventRounds "5"]
[EventCountry "GER"]
[SourceTitle "EXT 2019"]
[Source "ChessBase"]
[SourceDate "2018.10.10"]
[SourceVersion "1"]
[SourceVersionDate "2018.10.10"]
[SourceQuality "1"]

1. e4 d6 2. d4 Nf6 3. Nc3 g6 4. Nf3 Bg7 5. h3 0-0 6. Bc4 Nxe4 7. Nxe4 d5 8. Bd3 dxe4 9. Bxe4 c5 10. dxc5 Qa5+ 11. Bd2 Qxc5 12. c3 Qb5 13. Qc2 Rd8 14. Nd4 Qb6 15. Be3 Qa5 16. 0-0 Nd7 17. Rfd1 Nf6 18. Nb3 Rxd1+ 19. Rxd1 Qc7 20. Bf3 Bf5 21. Qd2 Be4 22. Bxe4 Nxe4 23. Qd7 Rc8 24. Qxc7 1-0

[Event "Forchheim op-B 13th"]
[Site "Forchheim"]
[Date "2014.10.03"]
[Round "1"]
[White "Paeslack, Luis"]
[Black "Schuetz, Robert"]
[Result "1/2-1/2"]
[WhiteElo "1815"]
[BlackElo "1743"]
[PlyCount "89"]
[EventDate "2014.10.03"]
[EventType "swiss"]
[EventRounds "5"]
[EventCountry "GER"]
[SourceTitle "EXT 2019"]
[Source "ChessBase"]
[SourceDate "2018.10.10"]
[SourceVersion "1"]
[SourceVersionDate "2018.10.10"]
[SourceQuality "1"]

1. e4 e6 2. d4 d5 3. Nd2 c5 4. Ngf3 Nc6 5. Bb5 Bd7 6. Bxc6 Bxc6 7. e5 Be7 8. b3 Qb6 9. Bb2 Nh6 10. Nf1 0-0 11. Ne3 Bb5 12. dxc5 Bxc5 13. Bd4 Rac8 14. c3 Nf5 15. Nxf5 exf5 16. b4 Bxd4 17. Qxd4 Qxd4 18. Nxd4 Bd7 19. Rc1 Rc4 20. f4 Rcc8 21. Kd2 a6 22. g3 g6 23. Rhe1 Be6 24. h3 Kg7 25. Rf1 Bd7 26. Rfe1 Be6 27. Nb3 b6 28. Nd4 Kh6 29. Rg1 Kg7 30. g4 Kh8 31. gxf5 gxf5 32. Rg5 Rg8 33. Rcg1 Rxg5 34. Rxg5 h6 35. Rg3 Kh7 36. h4 Rc7 37. h5 Bc8 38. Kd3 Rc4 39. Re3 Be6 40. Rg3 Bc8 41. Rg1 Bd7 42. Rb1 Rc8 43. Re1 Rg8 44. e6 fxe6 45. Re5 1/2-1/2

[Event "Seebach op 23rd"]
[Site "Grossenseebach"]
[Date "2012.06.09"]
[Round "5"]
[White "Quaschner, Manuel"]
[Black "Schuetz, Robert"]
[Result "1/2-1/2"]
[WhiteElo "1845"]
[BlackElo "1632"]
[PlyCount "52"]
[EventDate "2012.06.07"]
[EventType "swiss"]
[EventRounds "7"]
[EventCountry "GER"]
[SourceTitle "EXT 2013"]
[Source "ChessBase"]
[SourceDate "2012.11.22"]
[SourceVersion "1"]
[SourceVersionDate "2012.11.22"]
[SourceQuality "1"]

1. e4 e6 2. d4 d5 3. Nc3 Bb4 4. Nge2 dxe4 5. a3 Bxc3+ 6. Nxc3 Nc6 7. Bb5 Nge7 8. Be3 0-0 9. Nxe4 Qd5 10. Bd3 f5 11. c4 Qd8 12. Ng5 Nxd4 13. g4 h6 14. Nh3 e5 15. g5 f4 16. Bxd4 Qxd4 17. gxh6 Bxh3 18. hxg7 Rf7 19. Bh7+ Kxg7 20. Qh5 Bg2 21. Qg5+ Kxh7 22. Qxg2 Rg7 23. Qh3+ Kg8 24. Qe6+ Kf8 25. Qf6+ Kg8 26. Qe6+ Kf8 1/2-1/2

[Event "Seebach op 23rd"]
[Site "Grossenseebach"]
[Date "2012.06.09"]
[Round "6"]
[White "Schuetz, Robert"]
[Black "Kulok, Solomon"]
[Result "0-1"]
[WhiteElo "1632"]
[BlackElo "1759"]
[PlyCount "120"]
[EventDate "2012.06.07"]
[EventType "swiss"]
[EventRounds "7"]
[EventCountry "GER"]
[SourceTitle "EXT 2013"]
[Source "ChessBase"]
[SourceDate "2012.11.22"]
[SourceVersion "1"]
[SourceVersionDate "2012.11.22"]
[SourceQuality "1"]

1. e4 c5 2. Nf3 e6 3. d3 Nc6 4. g3 g6 5. Bg2 Bg7 6. c3 d5 7. Nbd2 Nge7 8. 0-0 0-0 9. Re1 Rb8 10. h4 b5 11. Nf1 a5 12. e5 Qb6 13. N1h2 Ba6 14. Ng4 Kh8 15. Nf6 Qc7 16. Bf4 Nf5 17. Qd2 h5 18. Bh3 Nce7 19. Kg2 d4 20. Rh1 dxc3 21. bxc3 Bb7 22. Qe2 Nd5 23. Nxd5 Bxd5 24. Bxf5 exf5 25. e6 Bxf3+ 26. Qxf3 Be5 27. Rae1 Bxf4 28. Qxf4 Qxf4 29. gxf4 Kg7 30. exf7 Kxf7 31. Re5 Rbc8 32. Rhe1 Rfe8 33. R1e3 b4 34. cxb4 axb4 35. Re2 Rxe5 36. fxe5 c4 37. dxc4 Rxc4 38. Kg3 Rg4+ 39. Kh3 Ke6 40. f3 Rc4 41. Kg3 f4+ 42. Kf2 Rc3 43. Rb2 Kxe5 44. Rxb4 Rc2+ 45. Kg1 Rxa2 46. Rb5+ Kd4 47. Rg5 Ke3 48. Rxg6 Kxf3 49. Rg5 Rb2 50. Rg8 Rb1+ 51. Kh2 Ke3 52. Re8+ Kf2 53. Rf8 f3 54. Rf5 Rb2 55. Re5 Re2 56. Rxh5 Ke1+ 57. Kg3 f2 58. Ra5 Re3+ 59. Kh2 f1Q 60. Ra1+ Kf2 0-1

[Event "Seebach op 23rd"]
[Site "Grossenseebach"]
[Date "2012.06.08"]
[Round "4"]
[White "Schuetz, Robert"]
[Black "Rosin, Ralf"]
[Result "0-1"]
[WhiteElo "1632"]
[BlackElo "1963"]
[PlyCount "131"]
[EventDate "2012.06.07"]
[EventType "swiss"]
[EventRounds "7"]
[EventCountry "GER"]
[SourceTitle "EXT 2013"]
[Source "ChessBase"]
[SourceDate "2012.11.22"]
[SourceVersion "1"]
[SourceVersionDate "2012.11.22"]
[SourceQuality "1"]

1. e4 Nc6 2. Nf3 e5 3. Bb5 a6 4. Ba4 Nf6 5. 0-0 Be7 6. Re1 b5 7. Bb3 0-0 8. h3 d6 9. c3 Bb7 10. d4 Re8 11. Ng5 Rf8 12. Nf3 h6 13. Nbd2 Re8 14. Bc2 Bf8 15. Nf1 exd4 16. cxd4 Nb4 17. Ng3 Nxc2 18. Qxc2 c5 19. d5 g6 20. b3 Bg7 21. Bb2 Rc8 22. Rac1 Nd7 23. Bxg7 Kxg7 24. Qb2+ Kh7 25. Nf1 Ne5 26. Nxe5 Rxe5 27. Nh2 h5 28. Qd2 Re8 29. Nf3 Rc7 30. Re3 f6 31. Rce1 Bc8 32. Qa5 Rce7 33. Qxd8 Rxd8 34. Nd2 Rde8 35. Kf1 Kg7 36. R3e2 f5 37. f3 Kf6 38. Kf2 Kg5 39. Kg3 h4+ 40. Kf2 Kf4 41. a4 Bb7 42. axb5 axb5 43. Kf1 Ba6 44. Kf2 Re5 45. Re3 Ra8 46. Ra1 Ree8 47. Ree1 Bb7 48. Red1 Rxa1 49. Rxa1 Ra8 50. Rxa8 Bxa8 51. Nb1 Bb7 52. Nc3 Ba6 53. Ne2+ Ke5 54. Ke3 b4 55. Nf4 Kf6 56. Ne6 Bc8 57. Nc7 Bd7 58. Kf4 g5+ 59. Ke3 Ke5 60. Na8 Bb5 61. Nb6 f4+ 62. Kf2 Ba6 63. Nd7+ Kd4 64. Nb8 Bb5 65. Nc6+ Kc3 66. Na5 0-1

[Event "Mittelfranken-ch QT 59th"]
[Site "Forchheim"]
[Date "2010.04.01"]
[Round "3"]
[White "Schuetz, Robert"]
[Black "Bolten, Daniel"]
[Result "0-1"]
[WhiteElo "1579"]
[BlackElo "1888"]
[PlyCount "70"]
[EventDate "2010.03.31"]
[EventType "swiss"]
[EventRounds "7"]
[EventCountry "GER"]
[SourceTitle "EXT 2011"]
[Source "ChessBase"]
[SourceDate "2010.11.26"]
[SourceVersion "1"]
[SourceVersionDate "2010.11.26"]
[SourceQuality "1"]

1. e4 d5 2. exd5 Qxd5 3. Nc3 Qd6 4. Nf3 Nf6 5. d4 a6 6. Bc4 b5 7. Bb3 Bb7 8. 0-0 e6 9. Re1 Be7 10. h3 0-0 11. Be3 Nbd7 12. Qe2 c5 13. dxc5 Nxc5 14. Rad1 Qc6 15. Bf4 Rad8 16. Qe5 b4 17. Ne2 Nxb3 18. cxb3 Nd5 19. Ned4 Qb6 20. Bg3 Bd6 21. Qe2 Bxg3 22. fxg3 Nf6 23. Qe3 h6 24. Nc2 Qc7 25. Nxb4 Rxd1 26. Rxd1 Bxf3 27. Qxf3 Qc5+ 28. Kh2 Qxb4 29. Qc3 a5 30. Rd4 Qxc3 31. bxc3 Nd5 32. c4 Nb4 33. c5 Rc8 34. a3 Nc2 35. Rd2 Rxc5 0-1

[Event "Mittelfrankenliga-B2a 0708"]
[Site "Mittelfranken"]
[Date "2008.04.27"]
[Round "9.7"]
[White "Hintyes, Helmuth"]
[Black "Schuetz, Robert"]
[Result "1/2-1/2"]
[WhiteElo "1889"]
[BlackElo "1706"]
[PlyCount "26"]
[EventDate "2007.10.14"]
[EventType "team-tourn"]
[EventRounds "9"]
[EventCountry "GER"]
[SourceTitle "EXT 2011"]
[Source "ChessBase"]
[SourceDate "2010.11.26"]
[SourceVersion "1"]
[SourceVersionDate "2010.11.26"]
[SourceQuality "1"]
[WhiteTeam "Nuernberg Sued SW III"]
[BlackTeam "Forchheim III"]
[WhiteTeamCountry "GER"]
[BlackTeamCountry "GER"]

1. Nf3 Nf6 2. d4 d5 3. c4 e6 4. Nc3 Bb4 5. e3 0-0 6. Bd3 c5 7. a3 Bxc3+ 8. bxc3 Nc6 9. 0-0 cxd4 10. cxd4 dxc4 11. Bxc4 b6 12. Ra2 Bb7 13. Rc2 Rc8 1/2-1/2

[Event "Nuremberg LGA Cup 3rd"]
[Site "Nuremberg"]
[Date "2006.09.10"]
[Round "6.70"]
[White "Schuetz, Robert"]
[Black "Matuschek, Thomas"]
[Result "1-0"]
[WhiteElo "1753"]
[BlackElo "1535"]
[PlyCount "43"]
[EventDate "2006.09.07"]
[EventType "swiss"]
[EventRounds "7"]
[EventCountry "GER"]
[SourceTitle "EXT 2022"]
[Source "ChessBase"]
[SourceDate "2021.10.06"]
[SourceVersion "1"]
[SourceVersionDate "2021.10.06"]
[SourceQuality "1"]

1. e4 c6 2. Nc3 d5 3. Nf3 dxe4 4. Nxe4 Nf6 5. Nxf6+ exf6 6. d4 Bd6 7. Bc4 Bg4 8. h3 Bh5 9. Be3 Nd7 10. Bd3 0-0 11. 0-0 Rc8 12. a3 c5 13. dxc5 Bxc5 14. Bf5 Bxe3 15. Qxd7 Qxd7 16. Bxd7 Rc7 17. Rfd1 Bb6 18. c3 Rd8 19. Bg4 Rxd1+ 20. Rxd1 Rc5 21. b4 Rb5 22. c4 1-0

[Event "Nuremberg LGA Cup 3rd"]
[Site "Nuremberg"]
[Date "2006.09.07"]
[Round "1.35"]
[White "Maier, Alexander"]
[Black "Schuetz, Robert"]
[Result "1-0"]
[WhiteElo "2227"]
[BlackElo "1753"]
[PlyCount "57"]
[EventDate "2006.09.07"]
[EventType "swiss"]
[EventRounds "7"]
[EventCountry "GER"]
[SourceTitle "EXT 2022"]
[Source "ChessBase"]
[SourceDate "2021.10.06"]
[SourceVersion "1"]
[SourceVersionDate "2021.10.06"]
[SourceQuality "1"]

1. e4 e5 2. Nf3 Nc6 3. Bc4 Bc5 4. b4 Bxb4 5. c3 Be7 6. d4 d6 7. Qb3 Na5 8. Bxf7+ Kf8 9. Qa4 Nc6 10. Bb3 Bd7 11. Qc4 Be8 12. Qd3 Bf6 13. a4 Bf7 14. Bxf7 Kxf7 15. Qc4+ Kf8 16. 0-0 Nh6 17. dxe5 Nxe5 18. Nxe5 Bxe5 19. f4 Bf6 20. e5 Be7 21. f5 dxe5 22. f6 Bxf6 23. Ba3+ Ke8 24. Qe6+ Be7 25. Nd2 Rf8 26. Rxf8+ Kxf8 27. Rf1+ Ke8 28. Nc4 Qd7 29. Rf8+ 1-0

[Event "Seefeld op 16th"]
[Site "Seefeld"]
[Date "2005.09.23"]
[Round "7"]
[White "Ruprich, Udo"]
[Black "Schuetz, Robert"]
[Result "1-0"]
[WhiteElo "1995"]
[BlackElo "1640"]
[PlyCount "43"]
[EventDate "2005.09.17"]
[EventType "swiss"]
[EventRounds "9"]
[EventCountry "AUT"]
[SourceTitle "EXT 2007"]
[Source "ChessBase"]
[SourceDate "2006.11.23"]
[SourceVersion "1"]
[SourceVersionDate "2006.11.23"]
[SourceQuality "1"]

1. e4 e6 2. d4 d5 3. Nc3 Bb4 4. Nge2 dxe4 5. a3 Bxc3+ 6. Nxc3 Nc6 7. Bb5 Nge7 8. Be3 0-0 9. Qd2 f5 10. 0-0-0 Bd7 11. g4 Be8 12. h4 Nd5 13. gxf5 Nxe3 14. fxe3 exf5 15. Rdg1 Ne7 16. Qg2 g6 17. h5 Bxb5 18. Nxb5 Rf7 19. Qh2 g5 20. Rxg5+ Rg7 21. Rxg7+ Kxg7 22. Nxc7 1-0

[Event "Seefeld op 16th"]
[Site "Seefeld"]
[Date "2005.09.21"]
[Round "5"]
[White "Borries, Barbara"]
[Black "Schuetz, Robert"]
[Result "0-1"]
[WhiteElo "1975"]
[BlackElo "1640"]
[PlyCount "74"]
[EventDate "2005.09.17"]
[EventType "swiss"]
[EventRounds "9"]
[EventCountry "AUT"]
[SourceTitle "EXT 2007"]
[Source "ChessBase"]
[SourceDate "2006.11.23"]
[SourceVersion "1"]
[SourceVersionDate "2006.11.23"]
[SourceQuality "1"]

1. e4 e6 2. d4 d5 3. exd5 exd5 4. Bd3 c5 5. dxc5 Bxc5 6. Nf3 Nc6 7. 0-0 Nge7 8. Re1 Bg4 9. Nbd2 Qb6 10. Rf1 h6 11. h3 Bh5 12. c3 0-0 13. Qc2 Bg6 14. Nb3 Bxd3 15. Qxd3 Bd6 16. Be3 Qc7 17. Rfe1 Rad8 18. Rad1 Rfe8 19. Nbd4 a6 20. Kf1 Ne5 21. Nxe5 Bxe5 22. Re2 Ng6 23. Red2 Bf6 24. Nb3 Qh2 25. Qf5 Bg5 26. g3 Bxe3 27. fxe3 Qxg3 28. Rf2 Qc7 29. Re1 Re5 30. Qf3 Rde8 31. Nd2 Qe7 32. a3 Kh7 33. Qd1 Rxe3 34. Rxe3 Qxe3 35. Rf3 Qe6 36. Qc2 Qe1+ 37. Kg2 Re2+ 0-1

[Event "Forchheim DWZ op"]
[Site "Forchheim"]
[Date "2002.09.22"]
[Round "4"]
[White "Friedrich, Heinrich"]
[Black "Schuetz, Robert"]
[Result "0-1"]
[WhiteElo "1943"]
[BlackElo "1623"]
[PlyCount "92"]
[EventDate "2002.09.20"]
[EventType "swiss"]
[EventRounds "5"]
[EventCountry "GER"]
[SourceTitle "CBM 090 Extra"]
[Source "ChessBase"]
[SourceDate "2002.11.07"]
[SourceVersion "1"]
[SourceVersionDate "2002.11.07"]
[SourceQuality "1"]

1. e4 e6 2. d4 d5 3. exd5 exd5 4. Bd3 c5 5. dxc5 Bxc5 6. Nf3 Ne7 7. 0-0 0-0 8. Nbd2 Nbc6 9. a3 Re8 10. Nb3 Bb6 11. Bg5 h6 12. Bf4 Bg4 13. Qd2 Bxf3 14. gxf3 Ng6 15. Bg3 Nce5 16. Kg2 Nh4+ 17. Kh1 Nhxf3 18. Qf4 Nxd3 19. cxd3 Ng5 20. Rfe1 Qd7 21. Bh4 Bc7 22. Nc5 Qc6 23. Qg4 Qxc5 24. Rec1 Qe7 25. f4 Qd6 26. Bg3 Qe7 27. Rxc7 Qxc7 28. fxg5 Qc8 29. Qf3 hxg5 30. Rf1 Qe6 31. Qh5 f6 32. Qg6 Rac8 33. Re1 Qf7 34. Rxe8+ Qxe8 35. Qf5 Qc6 36. h4 gxh4 37. Bxh4 Re8 38. Bg3 Kf7 39. Qh5+ Kg8 40. Qf5 Qc1+ 41. Kg2 Qxb2+ 42. Kh3 Qb5 43. Bf4 Qc6 44. Kg3 Qe6 45. Qh5 Qe1+ 46. Kg4 Qe2+ 0-1

[Event "Forchheim DWZ op"]
[Site "Forchheim"]
[Date "2002.09.20"]
[Round "1"]
[White "Riemer, Oliver"]
[Black "Schuetz, Robert"]
[Result "1-0"]
[WhiteElo "1885"]
[BlackElo "1623"]
[PlyCount "89"]
[EventDate "2002.09.20"]
[EventType "swiss"]
[EventRounds "5"]
[EventCountry "GER"]
[SourceTitle "CBM 090 Extra"]
[Source "ChessBase"]
[SourceDate "2002.11.07"]
[SourceVersion "1"]
[SourceVersionDate "2002.11.07"]
[SourceQuality "1"]

1. d4 d5 2. c4 c6 3. Nc3 Nf6 4. Nf3 dxc4 5. a4 Bf5 6. e3 e6 7. Bxc4 Nbd7 8. 0-0 Bb4 9. Qb3 Qb6 10. Re1 0-0 11. Bd2 Bxc3 12. Qxc3 Ne4 13. Qc1 Nxd2 14. Nxd2 Bg6 15. a5 Qd8 16. e4 Nf6 17. Qc3 Qd7 18. e5 Nd5 19. Bxd5 Qxd5 20. Nc4 Qd7 21. b4 Rad8 22. Nd6 f6 23. f4 fxe5 24. fxe5 Rf4 25. g3 Rff8 26. Rf1 Bh5 27. Qe3 Qe7 28. Rac1 Rxf1+ 29. Rxf1 Rf8 30. Rxf8+ Kxf8 31. Qf4+ Kg8 32. h4 Bg6 33. Qf3 Qd7 34. h5 Be8 35. g4 Qe7 36. Kf2 b6 37. Kg3 bxa5 38. bxa5 Qd8 39. Qb3 Qd7 40. Qb8 Kf8 41. a6 g6 42. h6 g5 43. Nxe8 Qxe8 44. Qxa7 Qg6 45. Qg7+ 1-0

[Event "Bad Woerishofen op 16th"]
[Site "Bad Woerishofen"]
[Date "2000.03.19"]
[Round "3"]
[White "Schuetz, Robert"]
[Black "Weiss, Hans"]
[Result "1/2-1/2"]
[WhiteElo "1690"]
[BlackElo "1810"]
[PlyCount "82"]
[EventDate "2000.03.??"]
[EventType "swiss"]
[EventRounds "9"]
[EventCountry "GER"]
[SourceTitle "CBM 075 Extra"]
[Source "ChessBase"]
[SourceDate "2000.05.11"]
[SourceVersion "2"]
[SourceVersionDate "2000.05.11"]
[SourceQuality "1"]

1. d4 Nf6 2. Nf3 g6 3. c4 Bg7 4. Nc3 d6 5. e4 0-0 6. Be2 Nc6 7. d5 Nb8 8. 0-0 c5 9. a3 a5 10. Ne1 Ne8 11. Qc2 e5 12. Nd3 f5 13. b4 axb4 14. Nb5 fxe4 15. Ne1 Bf5 16. g4 Bd7 17. Qxe4 Nf6 18. Qb1 Bxb5 19. cxb5 bxa3 20. Bxa3 Nbd7 21. Nc2 Nb6 22. Ne3 Kh8 23. Qb3 Ne4 24. Qc2 Ng5 25. Kg2 Qf6 26. Bb2 Rxa1 27. Bxa1 Nf3 28. Qe4 Nd4 29. Bd3 Qf3+ 30. Qxf3 Nxf3 31. Bc3 Na4 32. Ba1 Nd2 33. Rd1 Nb3 34. Bc2 Nxa1 35. Bxa4 e4 36. Nc4 Ra8 37. Nb6 Rf8 38. Re1 Bd4 39. Re2 g5 40. Nc4 Ra8 41. Nb6 Rf8 1/2-1/2

[Event "Bad Woerishofen op 16th"]
[Site "Bad Woerishofen"]
[Date "2000.03.18"]
[Round "2"]
[White "Santl, Anton"]
[Black "Schuetz, Robert"]
[Result "1-0"]
[WhiteElo "2191"]
[BlackElo "1690"]
[PlyCount "61"]
[EventDate "2000.03.??"]
[EventType "swiss"]
[EventRounds "9"]
[EventCountry "GER"]
[SourceTitle "CBM 075 Extra"]
[Source "ChessBase"]
[SourceDate "2000.05.11"]
[SourceVersion "2"]
[SourceVersionDate "2000.05.11"]
[SourceQuality "1"]

1. Nf3 d5 2. c4 c6 3. g3 Bf5 4. Bg2 Nf6 5. 0-0 e6 6. b3 Nbd7 7. Bb2 h6 8. d3 Be7 9. Nbd2 0-0 10. Rc1 a5 11. a3 Qc7 12. Rc2 Rac8 13. Nd4 Bg6 14. cxd5 exd5 15. Qa1 Qb6 16. N4f3 Bf5 17. e4 dxe4 18. Nd4 Bg6 19. dxe4 Qd8 20. Rd1 Re8 21. f3 Bf8 22. Nc4 b5 23. Ne3 Qb6 24. Kh1 c5 25. Ndf5 Bxf5 26. Nxf5 Qe6 27. Rcd2 Rcd8 28. Nxh6+ gxh6 29. Bxf6 Qxf6 30. Qxf6 Bg7 31. Qa6 1-0